000 00274nam a22001217a 4500
020 _a0-19-437502-1
082 _a670.42 MOU'E
100 _aMOUNTFORD, A
_978468
245 _aENGLISH IN WORKSHOP PRACTICE
260 _aLONDON
_bOXFORD
_c1975
300 _a146P
942 _cBK
999 _c583586
_d583586